CEU Pins - Statistics

General Stats
  • This quiz has been taken 11 times
  • The average score is 63 of 95
Answer Stats
Answer Hint % Correct
Adartho i unironically read it to prepare for the aria-bamalian war in fmc3 (On Sun Tzu's The Art of War)
100%
Adartho Allahu Akbar, organic scum
86%
Adartho Okay mr president... here comes the aeroplane..
86%
Adartho filip_pl, i need you to understand that normal sane people do not read theology in their spare time
86%
Filip yeah lmfao i remember having to memorise which race inbreeding results in which race
86%
Ocros i need to make my foreskin more elastic
86%
SKM Tbh i think i prefer men, it feels more immersive
86%
u11 4,58 GB (On how many soyjaks they have downloaded to their computer)
86%
Yin oh and i just remembered my irl name is josh
86%
Yin i just realised im gay
86%
Yin i kind of wish i had a vagina
86%
Adartho +1 cum If we do this while in a golden era, +10% cum efficency If we do this while owning Pomlen, +5% cum produced
71%
Adartho yin-kun :heart: what the FUCK are you doing on that toilet
71%
Adartho The house of ashan is actually a psychological warefare device..
71%
Adartho Tu… Słowacja… wysrana z węgierskiego mroku… A tam…. Polska…… stworzona w obrazu Boga… Nawet widać, że Słowacja jest ciemniejsza i smutniejsza niż Polska
71%
Adartho Healthy young child goes to pyebguthean priest, gets pumped with massive tattoo of dark rune, doesn't feel good and changes - REAPER. Many such cases!
71%
Adartho JUST remmembered all the civils who died in the oppian burning of moxon.,., gonna need to hit my vape for that
71%
Bedzi oh yeah I forgot that filip’s racism elo is like 200
71%
Filip I ATE YOU (On successfully cannibalizing their opponent in Crusader Kings III multiplayer)
71%
Filip you are a fucking ### ###### and i will doxx your IP
71%
Filip God punished the Romans by making them italians
71%
Filip and then they fucked in the rythm of hoi4 soundtrack
71%
Filip pin
71%
Filip no i just think women are ########
71%
Filip WHAT THE #####
71%
Filip The Oligarch wishes to speak to you directly.
71%
Filip if mao zedong were to be milked i would gladly enjoy his milk
71%
Filip good let amerikkka die (On the resurgence of measles in the United States)
71%
Filip pinky promise that ive never ##### anyone
71%
Fish DVRK GRV IS CVMING
71%
Fish The Two Minutes Cope
71%
Fish Self proclaimed free thinkers when they hear phonic songs for kids
71%
Fish A second shawarma has fallen into your mouth
71%
Fish Ok I'm fapping so idc
71%
Fish First AI-assisted genocide
71%
Fish We call him Crazy Peter
71%
KCM I fucked the frog and it drained all the levels I grinded in 2 hours
71%
Majestaz I had a total of five (5) shits in the three-week long trip to Japan and Korea, one of which was diarrhea
71%
Ninny united kingdom sounds like a mobile game
71%
Ocros tbf if you can rob the dead of their organs, why can't you #### them while ur there
71%
Ocros i have an hourglass figure
71%
Rag Trucking to moscow (On Prigozhin's revolt)
71%
SKM i had to write a FUCKING 3000 WORD ESSAY ON THE HISTORY OF THE DISHWASHER IM NOT KIDDING
71%
SKM How come isp never includes worldbox.......
71%
SKM Sometimes im on the bus yeah and i think to myself "i cant believe im in transit right now im just like abraham"
71%
SKM i am washin clothes n shit cause im at the fuckin laundry
71%
SKM You compared fxmana to fucking bach
71%
SKM the major ##### the small minor when it devs
71%
SKM Catholic Church = EU Printing press = Facebook Reformation = MAGA
71%
SKM Dont let whatever ###### is sitting on the yank throne ruin your life
71%
u11 I had some shower thoughts while washing my balls
71%
u11 She dip on my thong till it's voiced aelvolar
71%
u11 brvh I tried to do the retroflex trill and my mom asked if I am okay
71%
u11 I don't know how far it got but if I accidentally cast a minecraft youtuber to an Uzbekistani hotel owner's tv I will harakiri
71%
u11 the old and new testament are like Hyruhan before and after the Primarchean
71%
u11 adding clicks into your conlang is like not getting the same high from normal #### so you swtich to extremes
71%
Yin i need to move to wales and submit myself to a black king immediately
71%
Adartho Wiltor brought us a large water-filled water and gave us both a drink.
57%
Adartho i was about to ask "why dont they use radio waves to distribute music" and then i just realised what i typed out
57%
Adartho Pyebgǔth would order a Happy Meal and discard the toy :imp:
57%
Adartho proof by bob dylan. qed
57%
Adartho yeah the chicken represents the courage of the szlachta
57%
Adartho Too many people want to have their cocks sucked and not enough want to suck cocks
57%
Adartho How many Spongebobs to kill Mochai?
57%
Adartho The united states WILL NOT TOLERATE THIS!!!! As president, i will sign an executive order to send the dreadful people of Haiti to DAVY JONES' LOCKER
57%
Cilria but then after updating the BIOS. it relogged me back in
57%
Filip whats california girls
57%
Filip I guess I rim my ass all the time then
57%
Filip im old money i do gonsters
57%
Filip The #### Party will #### King Charles
57%
Fish Say the line burnedjak!!! I survived because the fire inside me burned brighter than the fire around me Haha, I love this fella
57%
Fish Just get a theoretical degree in physics
57%
Majestaz and who the hell is dan cru
57%
SKM You're not greedy... you're Metal Gear Rising: Revengeance!
57%
SKM I just mean shut up about the wallachian foreskin attack
57%
SKM I NEED lizzy to sit on my face
57%
SKM Hitler in the Führerbunker, 1945 Record scratch, freeze frame Yup. That's me. You're probably wondering how I ended up in this situation
57%
SKM Filip with his new witty message, ### ####### locked and loaded ready to press enter
57%
SKM Guys please dont actually post my actual foot
57%
SKM in the grim darkness of the far future there is only CRAZY HAMBORGIR
57%
u11 yin-kun :heart: what thar SHIVER ME TIMBERS be ye doing on that toilet
57%
u11 I accidentally shot Sunny Smiles
57%
u11 I'll distim your fucking doshes mf
57%
u11 it's giving Toltas
57%
u11 The Matrix is kind of like gnosticism
57%
u11 sissy patriots in control
57%
u11 mission Yggdrasil
57%
u11 I can feel the hamburger grease on the keyboard keys used to write that
57%
Fish Supercharged POZZED economy
43%
KCM I could have legal sex with young sheldon for the next 27 days
43%
KCM hyruhan initial version (HIV)
43%
Silas I LOVE YOU JOSH!
43%
SKM im going to #### you
43%
u11 mfs be like "touch grass" BRO i am TRAPPED in the simulation there are only STAIRS
43%
Yin "Is he... your spren? Your god?" "No," Kaladin said. "He's oil you know."
43%
No matching quizzes found
Score Distribution
Percent of People with Each Score
Percentile by Number Answered
Your Score History
You have not taken this quiz